Historias para después de una guerra: memoria, política y cambios social en España desde 1936

保存先:
書誌詳細
第一著者: Richards, Michael (著者)
フォーマット: 図書
言語:スペイン語
出版事項: Barcelona, España Pasado y Presente 2013
主題:
タグ: タグ追加
タグなし, このレコードへの初めてのタグを付けませんか!

MARC

LEADER 00000cam a2200000 a 4500
001 UCE5953
003 CL-VaPUC
005 20241121130328.0
008 150312e20130000sp |||||||||||||||||spa|d
999 |c 358468  |d 358466 
020 |a 9788494289040 
040 |c Pontificia Universidad Católica de Valparaíso 
082 0 4 |a 946.081 RIC 2013  |2 21 
100 0 |a Richards, Michael  |e author  |9 578624 
245 1 0 |a Historias para después de una guerra:  |b  memoria, política y cambios social en España desde 1936 
260 |a Barcelona, España  |b Pasado y Presente  |c 2013 
300 |a 492 páginas 
583 |a last modification  |c 20150312 12:37:00  |k Rodrigo Vera 
650 0 |a Guerra civil española  |y 1936-1939  |9 331803 
650 0 |a Historia de España  |y 1936-1939  |9 315435 
650 0 |a Cambio social   |z ESPAÑA  |9 256857 
852 |a BIBCUR 
942 |c BK  |2 ddc 
945 |d 20150312 12:37:00  |a arojas 
952 |0 0  |1 0  |2 ddc  |3 erd  |4 0  |6 946_081000000000000_RIC_2013  |7 0  |8 A  |9 467176  |a BIBHIS  |b BIBHIS  |i 514017K  |l 2  |o 946.081 RIC 2013  |p 514017K  |r 2025-05-06  |s 2025-05-06  |t 1  |w 2019-11-23  |y BK  |z Catalogado en:20150312  |k HIS